Se former à l'ingénierie de formation (notice n° 1548793)

détails MARC
000 -LEADER
fixed length control field 01023cam a2200169 4500500
005 - DATE AND TIME OF LATEST TRANSACTION
control field 20251012042452.0
041 ## - LANGUAGE CODE
Language code of text/sound track or separate title fre
042 ## - AUTHENTICATION CODE
Authentication code dc
100 10 - MAIN ENTRY--PERSONAL NAME
Personal name Pineau, Gaston
Relator term author
245 00 - TITLE STATEMENT
Title Se former à l'ingénierie de formation
260 ## - PUBLICATION, DISTRIBUTION, ETC.
Name of publisher, distributor, etc. L'Harmattan,<br/>
Date of publication, distribution, etc. 2005.<br/>
520 ## - SUMMARY, ETC.
Summary, etc. Se former à l’ingénierie de formation&amp;#8239;? Oui mais comment&amp;#8239;? La première partie de cet ouvrage répond à cette double question de contenu et de méthode, à partir de 15 ans d’expérience du DESS Stratégie et Ingénierie en formation d’adultes (SIFA).La seconde partie explore avec des spécialistes les perspectives d’avenir des grands déterminants de la formation et de l’ingénierie pour tenter d’anticiper stratégiquement les offres pertinentes.
700 10 - ADDED ENTRY--PERSONAL NAME
Personal name Morin, Jacques
Relator term author
700 10 - ADDED ENTRY--PERSONAL NAME
Personal name Brémaud, Loïc
Relator term author
700 10 - ADDED ENTRY--PERSONAL NAME
Personal name Leguy, Patrice
Relator term author
856 41 - ELECTRONIC LOCATION AND ACCESS
Uniform Resource Identifier <a href="https://shs.cairn.info/se-former-a-lingenierie-de-formation--9782747586542?lang=fr&redirect-ssocas=7080">https://shs.cairn.info/se-former-a-lingenierie-de-formation--9782747586542?lang=fr&redirect-ssocas=7080</a>

Pas d'exemplaire disponible.

PLUDOC

PLUDOC est la plateforme unique et centralisée de gestion des bibliothèques physiques et numériques de Guinée administré par le CEDUST. Elle est la plus grande base de données de ressources documentaires pour les Étudiants, Enseignants chercheurs et Chercheurs de Guinée.

Adresse

627 919 101/664 919 101

25 boulevard du commerce
Kaloum, Conakry, Guinée

Réseaux sociaux

Powered by Netsen Group @ 2025